00350 a2200109 4500001001000000005001700010008004100027245007300068100003000141773005200171999001700223ART_2780220260410161949.0260409a 10aHacia un enfoque funcional para el análisis del sistema financiero1 aCárcamo Díaz, Rodrigo0 tInveniog- Año 1, Nº 2 (nov. 1998)wREV27781 c30235d30235